000 00357nam a2200133Ia 4500
008 151001s9999||||xx |||||||||||||| ||und||
100 _aपारसनाथ सिंह
245 _aपक्षी परिचय
250 _a1
260 _bउत्सवा प्रकाशन
260 _c2007
300 _a150
365 _b21
999 _c990593
_d990590